000 00308nam a2200133Ia 4500
005 20260328101456.0
008 260328s9999||||xx |||||||||||||| ||und||
100 _aNussaume, Yann
245 0 _aTadao Ando /
_cYann Nussaume
260 _bBirkhäuser
300 _a191 p.
650 _aARQUITECTOS
942 _cBK
999 _c8836
_d8836